Mother Teresa... or Miley Cyrus? - Statistics

General Stats
  • This quiz has been taken 614 times
  • The average score is 12 of 18
Answer Stats
Question Answer % Correct
Can buy herself flowers. Miley Cyrus
98%
Had a tattoo. Miley Cyrus
96%
Has a well-known documentary called "Something Beautiful for God". Mother Teresa
87%
Won a Nobel Prize. Mother Teresa
80%
Met President Ronald Reagan. Mother Teresa
80%
Pursued the same field as her father. Miley Cyrus
78%
Was raised Christian. Both
73%
Recognized by her iconic habits. Both
71%
Has a pseudonym that shares its name with a US state. Miley Cyrus
71%
Is fluent in multiple languages. Mother Teresa
69%
Was part of the project "We Are the World 25 for Haiti". Miley Cyrus
64%
Is an actual biological mother. Neither
64%
Was born in the 20th century. Both
62%
Is famous under a pseudonym. Both
56%
Was the top woman in Gallup's most admired men and women poll more than once. Mother Teresa
44%
Singing was a regular part of her childhood. Both
40%
Featured as Time Magazine's "Person of the Year". Neither
27%
Was born in a communist country. Neither
22%
No matching quizzes found
Score Distribution
Percent of People with Each Score
Percentile by Number Answered
Your Score History
You have not taken this quiz